| 000 | 00937nam a2200253 i 4500 | ||
|---|---|---|---|
| 001 | 82220 | ||
| 003 | ES-MaACL | ||
| 005 | 20250730063114.0 | ||
| 007 | t| | ||
| 008 | 041201s1983 sp ||||1| spa d | ||
| 020 | _a84-276-0595-1 | ||
| 080 | _a113"16" | ||
| 100 | 1 |
_aFontenelle, Bernard le Bouyer de, _d1657-1757 _9127106 |
|
| 245 | 1 | 0 |
_aConversaciones sobre la pluralidad de los mundos / _cBernard le Bouvier de Fontenelle ; edición preparada por Antonio Beltrán Martí. |
| 260 |
_aMadrid : _bEditora Nacional, _c1983. |
||
| 300 |
_a179 p. ; _c21 cm. |
||
| 490 | 1 |
_aClásicos para una biblioteca contemporanea ; _v14. _aPensamiento |
|
| 650 | 4 |
_aPluralidad de mundos. _9154833 |
|
| 700 | 1 |
_aBeltrán Marí, Antonio. _927371 |
|
| 830 | 0 |
_aClásicos para una biblioteca contemporanea ; _v14. _aPensamiento _9183674 |
|
| 852 |
_aES-MaACL _jE-10531 _bR.134670 |
||
| 852 |
_aES-MaACL _jL-4678 |
||
| 999 |
_c82220 _d82220 |
||